[Event "interzonal (w)"]
[Site "Zheleznovodsk  URS"]
[Date "1985.??.??"]
[Round "1"]
[White "Wu Mingqian"]
[Black "Zaitseva, Ludmila"]
[Result "1-0"]
[WhiteElo "2075"]
[BlackElo "2165"]
[EventDate "1985.06.19"]
[PlyCount "61"]

1.e4 c6 2.d4 d5 3.Nc3 dxe4 4.Nxe4 Nf6 5.Nxf6+ exf6 6.c3 Bd6 7.Bd3 O-O 8.
Ne2 Re8 9.Qc2 g6 10.Be3 Nd7 11.h4 Nf8 12.h5 Be6 13.hxg6 fxg6 14.c4 Qe7 15.
O-O-O Qf7 16.Rh6 b5 17.c5 Bc7 18.Rdh1 f5 19.g4 Bd5 20.R1h4 f4 21.Rxh7 Qf6 
22.Rh8+ Kg7 23.Bd2 Re7 24.b3 Rae8 25.g5 Qxg5 26.Nxf4 Qg1+ 27.Kb2 Bf3 28.
Nxg6 Nxg6 29.R8h7+ Kf6 30.Bxg6 Rxh7 31.Qf5+ 1-0

[Event "interzonal (w)"]
[Site "Zheleznovodsk  URS"]
[Date "1985.??.??"]
[Round "1"]
[White "Brustman, Agnieszka"]
[Black "Gurieli, Nino"]
[Result "1-0"]
[WhiteElo "2175"]
[BlackElo "2275"]
[EventDate "1985.06.19"]
[PlyCount "75"]

1.e4 c5 2.Nf3 d6 3.d4 cxd4 4.Nxd4 Nf6 5.Nc3 e6 6.Be2 Be7 7.O-O O-O 8.Kh1 
a6 9.a4 Nc6 10.f4 Bd7 11.Be3 Nxd4 12.Bxd4 Bc6 13.Bd3 g6 14.Qe2 Qa5 15.Qf2 
Bd8 16.f5 e5 17.Be3 Ng4 18.Qg3 Nxe3 19.Qxe3 Kg7 20.Bc4 Qc5 21.Qxc5 dxc5 
22.Bd5 Ba5 23.Bxc6 bxc6 24.Rad1 Rab8 25.Rd6 Rxb2 26.Nd1 Rxc2 27.Rxc6 Rd8 
28.Ne3 Re2 29.Nc4 Rf2 30.Rg1 Bc3 31.Rxc5 Bd4 32.Rc6 Rc2 33.Rf1 gxf5 34.
exf5 Rb8 35.Nxe5 Rf2 36.f6+ Kg8 37.Rfc1 Bxe5 38.Rc8+ 1-0

[Event "interzonal (w)"]
[Site "Zheleznovodsk  URS"]
[Date "1985.??.??"]
[Round "2"]
[White "Zaitseva, Ludmila"]
[Black "Brustman, Agnieszka"]
[Result "1-0"]
[WhiteElo "2165"]
[BlackElo "2175"]
[EventDate "1985.06.19"]
[PlyCount "65"]

1.e4 c5 2.c3 d5 3.exd5 Qxd5 4.d4 cxd4 5.cxd4 e6 6.Nc3 Qd8 7.Nf3 Nf6 8.Bd3 
Nc6 9.a3 Be7 10.O-O O-O 11.Be3 b6 12.Qe2 Bb7 13.Rfd1 Rc8 14.Rac1 Qd6 15.
Ng5 Qb8 16.d5 Nd8 17.dxe6 Nxe6 18.Nxe6 fxe6 19.Bd4 Kh8 20.Qxe6 Bc5 21.Bxc5
Rxc5 22.Ne2 Rg5 23.Ng3 Ng4 24.Qe7 Qf4 25.Qxb7 Qxf2+ 26.Kh1 Nxh2 27.Rc8 
Rxg3 28.Rxf8+ Qxf8 29.Kxh2 Rg5 30.Rf1 Rh5+ 31.Kg1 Qc5+ 32.Rf2 g6 33.Qf7 
1-0

[Event "interzonal (w)"]
[Site "Zheleznovodsk  URS"]
[Date "1985.??.??"]
[Round "2"]
[White "Gurieli, Nino"]
[Black "Matveeva, Svetlana"]
[Result "0-1"]
[WhiteElo "2275"]
[BlackElo "2125"]
[EventDate "1985.06.19"]
[PlyCount "110"]

1.e4 e6 2.d4 d5 3.Nc3 dxe4 4.Nxe4 Bd7 5.Nf3 Bc6 6.Bd3 Nd7 7.c4 Ngf6 8.Nc3 
Nb6 9.O-O Be7 10.Ne5 Qxd4 11.Nxf7 Kxf7 12.Bg6+ hxg6 13.Qxd4 Rad8 14.Qe3 
Rxh2 15.Kxh2 Ng4+ 16.Kg1 Nxe3 17.Bxe3 Nxc4 18.Bf4 e5 19.Bg3 Nxb2 20.Bxe5 
Rd7 21.Nd1 Nc4 22.Bf4 Bf6 23.Rc1 Ne5 24.Bxe5 Bxe5 25.Ne3 Rd4 26.Rfe1 Rh4 
27.Rxc6 bxc6 28.Rc1 Ra4 29.Rc2 Bd6 30.g3 Ke6 31.Kf1 Kd7 32.Ke2 Rd4 33.Nc4 
c5 34.Na5 Ra4 35.Nc4 Kc6 36.Kd3 Rb4 37.Rc3 Rb1 38.Ra3 Rd1+ 39.Ke2 Rd4 40.
Nxd6 cxd6 41.Rxa7 c4 42.f4 Kb6 43.Rxg7 c3 44.Rg8 Rd2+ 45.Ke1 Kb5 46.Rxg6 
Rd4 47.Rg8 c2 48.Rb8+ Ka6 49.Rc8 Rd1+ 50.Kf2 c1=Q 51.Rxc1 Rxc1 52.f5 Kb5 
53.Kf3 Kc4 54.g4 Kd5 55.g5 Ke5 0-1

[Event "interzonal (w)"]
[Site "Zheleznovodsk  URS"]
[Date "1985.??.??"]
[Round "2"]
[White "Litinskaya, Marta"]
[Black "Wu Mingqian"]
[Result "1-0"]
[WhiteElo "2210"]
[BlackElo "2075"]
[EventDate "1985.06.19"]
[PlyCount "83"]

1.c4 Nf6 2.Nc3 e5 3.g3 Nc6 4.Bg2 g6 5.e3 Bg7 6.Nge2 O-O 7.O-O d6 8.d4 Bg4 
9.h3 Bxe2 10.Nxe2 Qe7 11.d5 Nd8 12.Bd2 a5 13.a3 a4 14.Nc3 Qd7 15.e4 b6 16.
Kh2 Ne8 17.Qc2 Nb7 18.Be3 f5 19.exf5 gxf5 20.f4 exf4 21.Bxf4 Nc5 22.Rae1 
Nf6 23.Bf3 Rae8 24.Bd1 Rxe1 25.Rxe1 Nfe4 26.Nxa4 Nxa4 27.Qxa4 Qxa4 28.Bxa4
Bxb2 29.Bc2 Bxa3 30.Bxe4 fxe4 31.Rxe4 Kf7 32.Kg2 Re8 33.Rxe8 Kxe8 34.Kf3 
Kd7 35.Be3 Bb4 36.g4 Ba5 37.h4 c6 38.Ke4 b5 39.dxc6+ Kxc6 40.cxb5+ Kxb5 
41.Kd5 Be1 42.h5 1-0

[Event "interzonal (w)"]
[Site "Zheleznovodsk  URS"]
[Date "1985.??.??"]
[Round "2"]
[White "Gaprindashvili, Nona"]
[Black "Ivanka, Maria"]
[Result "1-0"]
[WhiteElo "2325"]
[BlackElo "2200"]
[EventDate "1985.06.19"]
[PlyCount "69"]

1.d4 Nf6 2.c4 e6 3.Nf3 c5 4.d5 exd5 5.cxd5 d6 6.Nc3 g6 7.Bf4 a6 8.a4 Bg7 
9.e4 Bg4 10.Be2 O-O 11.O-O Re8 12.Nd2 Bxe2 13.Qxe2 Nh5 14.Be3 Nd7 15.g4 
Nhf6 16.h3 h5 17.g5 Nh7 18.f4 f6 19.gxf6 Bxf6 20.Kh2 Kh8 21.Rg1 Rg8 22.Rg2
Bd4 23.Nf3 Qf6 24.Bd2 Raf8 25.Rf1 Qf7 26.e5 dxe5 27.fxe5 Nb6 28.e6 Qc7+ 
29.Kh1 Qd6 30.e7 Re8 31.Nxd4 cxd4 32.Qe4 dxc3 33.Bxc3+ Rg7 34.Rxg6 Qxd5 
35.Rxg7 1-0

[Event "interzonal (w)"]
[Site "Zheleznovodsk  URS"]
[Date "1985.??.??"]
[Round "2"]
[White "Hoiberg, Nina"]
[Black "Liu Shilan"]
[Result "1-0"]
[WhiteElo "2145"]
[BlackElo "2160"]
[EventDate "1985.06.19"]
[PlyCount "69"]

1.e4 c5 2.Nf3 Nc6 3.d4 cxd4 4.Nxd4 Nf6 5.Nc3 d6 6.Bc4 e6 7.Be3 a6 8.Bb3 
Be7 9.O-O O-O 10.f4 Nxd4 11.Bxd4 b5 12.e5 dxe5 13.fxe5 Nd7 14.Ne4 Bb7 15.
Nd6 Bxd6 16.exd6 Qg5 17.Rf2 e5 18.Bc3 Nf6 19.Qf1 b4 20.Bd2 Qh4 21.h3 a5 
22.Qb5 a4 23.Qxb7 axb3 24.Qxb4 Qxb4 25.Bxb4 Rxa2 26.Rxa2 bxa2 27.Rf1 Nd5 
28.Bc5 Rc8 29.Ra1 f5 30.Rxa2 Nf6 31.b4 Kf7 32.Ra7+ Ke6 33.Rxg7 f4 34.Kh2 
h5 35.c4 
    {time}
1-0

[Event "interzonal (w)"]
[Site "Zheleznovodsk  URS"]
[Date "1985.??.??"]
[Round "3"]
[White "Brustman, Agnieszka"]
[Black "Litinskaya, Marta"]
[Result "1-0"]
[WhiteElo "2175"]
[BlackElo "2210"]
[EventDate "1985.06.19"]
[PlyCount "67"]

1.e4 e5 2.Nf3 Nc6 3.Bb5 a6 4.Ba4 Nf6 5.O-O Be7 6.Re1 b5 7.Bb3 d6 8.c3 O-O 
9.h3 Nb8 10.d4 Nbd7 11.Nbd2 Bb7 12.Bc2 Re8 13.Nf1 d5 14.Nxe5 Nxe5 15.dxe5 
Nxe4 16.f3 Ng5 17.Ng3 f6 18.Bxg5 fxg5 19.Qb1 Bc5+ 20.Kh2 h6 21.Qd1 Re6 22.
Qd3 Kf7 23.Nh5 Bf8 24.Qf5+ Ke7 25.Qh7 Qe8 26.Nf6 Qc6 27.Bf5 Kd8 28.Nxd5 
Qe8 29.Rad1 Bxd5 30.Rxd5+ Rd6 31.Red1 Rxd5 32.Rxd5+ Ke7 33.Qg8 Qc6 34.Rd7+
1-0

[Event "interzonal (w)"]
[Site "Zheleznovodsk  URS"]
[Date "1985.??.??"]
[Round "3"]
[White "Muresan, Margareta"]
[Black "Arbunic Castro, Giovanna"]
[Result "0-1"]
[WhiteElo "2185"]
[BlackElo "2060"]
[EventDate "1985.06.19"]
[PlyCount "100"]

1.Nf3 Nf6 2.c4 g6 3.Nc3 Bg7 4.e4 d6 5.d4 O-O 6.Be2 Nbd7 7.O-O e5 8.Re1 h6 
9.Bf1 Nh7 10.dxe5 dxe5 11.Rb1 Nc5 12.b4 Ne6 13.c5 Nhg5 14.Nxg5 hxg5 15.Be3
Nd4 16.Qc1 g4 17.Bg5 Bf6 18.Bh6 Re8 19.Nd5 Bh4 20.Rd1 c6 21.Nc3 g5 22.g3 
Qf6 23.gxh4 Nf3+ 24.Kh1 Qxh6 25.Bg2 Qxh4 26.Bxf3 gxf3 27.Rg1 f6 28.Rg3 Qh5
29.Qe3 Bg4 30.Rbg1 Kf7 31.Rxg4 Rh8 32.R1g2 fxg2+ 33.Rxg2 Rad8 34.b5 Qh3 
35.f3 g4 36.bxc6 Qxf3 37.Qxf3 gxf3 38.Rc2 bxc6 39.Kg1 Rhg8+ 40.Kf1 Rg2 41.
Rxg2 fxg2+ 42.Kxg2 Rd2+ 43.Kf1 Rxh2 44.Ne2 Kg6 45.a4 Rxe2 46.Kxe2 f5 47.
exf5+ Kxf5 48.Ke3 a5 49.Kf3 e4+ 50.Ke3 Ke5 0-1

[Event "interzonal (w)"]
[Site "Zheleznovodsk  URS"]
[Date "1985.??.??"]
[Round "3"]
[White "Ferrer Lucas, Pepita"]
[Black "Gurieli, Nino"]
[Result "0-1"]
[WhiteElo "2050"]
[BlackElo "2275"]
[EventDate "1985.06.19"]
[PlyCount "48"]

1.e4 g6 2.d4 Bg7 3.Nc3 d6 4.Be2 Nf6 5.Be3 O-O 6.g4 c6 7.g5 Nfd7 8.h4 b5 9.
a3 Nb6 10.h5 N8d7 11.f4 Nc4 12.Bxc4 bxc4 13.Qe2 Qb6 14.O-O-O Rb8 15.hxg6 
Qxb2+ 16.Kd2 Nc5 17.Qh2 Qxc3+ 18.Ke2 Bg4+ 19.Nf3 Qxc2+ 20.Rd2 Bxf3+ 21.
Kxf3 Qxe4+ 22.Kg4 fxg6 23.dxc5 Qxe3 24.cxd6 Qe6+ 0-1

[Event "interzonal (w)"]
[Site "Zheleznovodsk  URS"]
[Date "1985.??.??"]
[Round "3"]
[White "Wu Mingqian"]
[Black "Gaprindashvili, Nona"]
[Result "1-0"]
[WhiteElo "2075"]
[BlackElo "2325"]
[EventDate "1985.06.19"]
[PlyCount "84"]

1.e4 c5 2.Nf3 d6 3.d4 cxd4 4.Nxd4 Nf6 5.Nc3 a6 6.Be2 e5 7.Nb3 Be7 8.O-O 
O-O 9.Be3 Be6 10.a4 Nbd7 11.a5 Rc8 12.f3 Qc7 13.Qd2 Rfd8 14.Rfd1 d5 15.
exd5 Nxd5 16.Nxd5 Bxd5 17.Qxd5 Nf6 18.Qc4 Rxd1+ 19.Rxd1 Qxc4 20.Bxc4 Rxc4 
21.c3 Kf8 22.Kf2 Ke8 23.Ke2 Ra4 24.Bc5 Rc4 25.Be3 Rc6 26.Rd3 Nd7 27.Rd5 
Bd6 28.g3 Ke7 29.Nd2 Bc7 30.c4 Bd6 31.b3 Bb4 32.g4 Ke6 33.Ne4 h6 34.Kd3 
Bf8 35.Kc3 g6 36.Ng3 f5 37.gxf5+ gxf5 38.Nxf5 Nf6 39.Rd8 Bc5 40.Bxc5 Kxf5 
41.Be3 e4 42.fxe4+ Nxe4+ 1-0

[Event "interzonal (w)"]
[Site "Zheleznovodsk  URS"]
[Date "1985.??.??"]
[Round "4"]
[White "Glaz, Lena"]
[Black "Ivanka, Maria"]
[Result "0-1"]
[WhiteElo "2100"]
[BlackElo "2200"]
[EventDate "1985.06.19"]
[PlyCount "80"]

1.d4 g6 2.Nf3 Bg7 3.Bf4 d6 4.e3 Nf6 5.h3 O-O 6.Be2 c5 7.c3 b6 8.Nbd2 Bb7 
9.O-O Nbd7 10.Bh2 Ne8 11.e4 cxd4 12.cxd4 Nc7 13.Rc1 Rc8 14.Re1 d5 15.e5 
Ne6 16.Qa4 a6 17.Rxc8 Qxc8 18.Nb3 Bh6 19.Nfd2 Bc6 20.Qa3 a5 21.Nf3 Re8 22.
Nc1 Bb7 23.Nd3 Ba6 24.Qb3 Qb7 25.g4 Rc8 26.h4 Rc4 27.g5 Bf8 28.Nf4 Nxd4 
29.Nxd4 Rxd4 30.Bxa6 Qxa6 31.e6 fxe6 32.Qh3 Nc5 33.h5 gxh5 34.Qxh5 Qc8 35.
g6 h6 36.Qh3 Re4 37.Rxe4 Nxe4 38.g7 Bxg7 39.Qg4 Qc1+ 40.Kg2 Qh1+ 0-1

[Event "interzonal (w)"]
[Site "Zheleznovodsk  URS"]
[Date "1985.??.??"]
[Round "4"]
[White "Khadilkar, Rohini"]
[Black "Liu Shilan"]
[Result "1-0"]
[WhiteElo "2165"]
[BlackElo "2160"]
[EventDate "1985.06.19"]
[PlyCount "49"]

1.e4 c5 2.Nf3 d6 3.d4 cxd4 4.Nxd4 Nf6 5.Nc3 e6 6.f4 Nc6 7.Be3 Bd7 8.Qf3 e5
9.Nxc6 bxc6 10.f5 Qa5 11.Bc4 Rb8 12.O-O-O Qb4 13.Bb3 c5 14.a3 Qb7 15.Qe2 
Bc6 16.Rhe1 Nxe4 17.Nxe4 Bxe4 18.Bxc5 Bxf5 19.Rxd6 f6 20.Rd5 Bxc5 21.Rxc5 
Rf8 22.Rxe5+ fxe5 23.Qxe5+ Kd7 24.Rd1+ Kc8 25.Be6+ 1-0

[Event "interzonal (w)"]
[Site "Zheleznovodsk  URS"]
[Date "1985.??.??"]
[Round "4"]
[White "Gaprindashvili, Nona"]
[Black "Brustman, Agnieszka"]
[Result "1-0"]
[WhiteElo "2325"]
[BlackElo "2175"]
[EventDate "1985.06.19"]
[PlyCount "109"]

1.d4 Nf6 2.c4 g6 3.Nc3 Bg7 4.e4 d6 5.Be2 O-O 6.Bg5 c6 7.Nf3 Nbd7 8.O-O e5 
9.d5 h6 10.Be3 cxd5 11.cxd5 Ng4 12.Bd2 f5 13.exf5 gxf5 14.h3 Ngf6 15.Qc1 
Kh7 16.Qc2 Nc5 17.Be3 Nce4 18.Bd3 Nxc3 19.Bxf5+ Bxf5 20.Qxf5+ Kh8 21.bxc3 
Nxd5 22.Qd3 Nf4 23.Bxf4 Rxf4 24.Rad1 Qg8 25.Qe3 Qe6 26.Nd4 Qc4 27.Nb3 Bf8 
28.Rd4 exd4 29.Qxf4 Qxc3 30.Rc1 Qb4 31.Qxd4+ Qxd4 32.Nxd4 Re8 33.Kf1 Re5 
34.Rc7 Re7 35.Rc8 Rf7 36.Nb5 Kh7 37.Nxa7 Kg6 38.Nb5 Rf5 39.Nd4 Rf7 40.Ne6 
Be7 41.Rc7 Bh4 42.Rxf7 Kxf7 43.Nd4 Be7 44.f4 h5 45.g4 hxg4 46.hxg4 d5 47.
Ke2 Bc5 48.Nb3 Bb6 49.Kf3 Kf6 50.Nc1 Bg1 51.Nd3 Ba7 52.Nb4 Ke6 53.g5 Bb6 
54.Kg4 d4 55.f5+ 1-0

[Event "interzonal (w)"]
[Site "Zheleznovodsk  URS"]
[Date "1985.??.??"]
[Round "4"]
[White "Litinskaya, Marta"]
[Black "Matveeva, Svetlana"]
[Result "1-0"]
[WhiteElo "2210"]
[BlackElo "2125"]
[EventDate "1985.06.19"]
[PlyCount "149"]

1.d4 g6 2.c4 Bg7 3.Nc3 d6 4.Nf3 e5 5.e4 exd4 6.Nxd4 Nc6 7.Be3 Nge7 8.Be2 
O-O 9.O-O f5 10.Qd2 Bxd4 11.Bxd4 Nxd4 12.Qxd4 Be6 13.Rad1 Nc6 14.Qd2 Qf6 
15.Nd5 Qf7 16.exf5 Bxf5 17.Ne3 Be6 18.b3 Qg7 19.f4 Rae8 20.Rf2 Kh8 21.g3 
Bc8 22.Nd5 Re4 23.Bd3 Ree8 24.Bf1 Bg4 25.Rc1 Bf5 26.b4 Be4 27.Qc3 Rc8 28.
Qxg7+ Kxg7 29.Bh3 Bf5 30.Bxf5 gxf5 31.Re1 Rf7 32.Rd2 Kf8 33.Kf2 Re8 34.Re3
Rxe3 35.Kxe3 Ke8 36.a3 Kd7 37.Kf3 Ne7 38.Ne3 c6 39.h3 Kc7 40.Rc2 Ng6 41.
Re2 Kd7 42.Nc2 Rf8 43.Nd4 Rf7 44.Re1 Rf6 45.Rd1 Kc7 46.Ne2 h5 47.Nd4 Kc8 
48.a4 Kc7 49.Re1 Kd7 50.Rb1 c5 51.Nb5 a6 52.Nc3 cxb4 53.Rxb4 Kc6 54.a5 Rf7
55.Rb6+ Kc5 56.Na4+ Kxc4 57.Rxd6 Ne7 58.Nb2+ Kc5 59.Rh6 Nc6 60.Nd3+ Kd5 
61.Rxh5 Nxa5 62.g4 Nc6 63.g5 Nd4+ 64.Ke3 Re7+ 65.Ne5 Rc7 66.g6 Rc3+ 67.Kf2
Rc2+ 68.Kg3 Ne2+ 69.Kh4 Rc8 70.Rxf5 Ke4 71.Kg5 Rh8 72.Ng4 Rh5+ 73.Kxh5 
Ng3+ 74.Kg5 Nxf5 75.Nf6+ 1-0

[Event "interzonal (w)"]
[Site "Zheleznovodsk  URS"]
[Date "1985.??.??"]
[Round "5"]
[White "Matveeva, Svetlana"]
[Black "Gaprindashvili, Nona"]
[Result "1-0"]
[WhiteElo "2125"]
[BlackElo "2325"]
[EventDate "1985.06.19"]
[PlyCount "82"]

1.d4 Nf6 2.c4 g6 3.Nc3 Bg7 4.Bg5 d6 5.Nf3 O-O 6.e3 h6 7.Bh4 Nbd7 8.Be2 c6 
9.Qc2 e5 10.dxe5 dxe5 11.O-O g5 12.Bg3 Nh5 13.Bd3 Qe7 14.Bf5 Nc5 15.Nd2 
Bxf5 16.Qxf5 Rad8 17.Rfd1 Qe6 18.Qxe6 Nxe6 19.f3 Nxg3 20.hxg3 f5 21.e4 f4 
22.g4 Bf6 23.Nb3 Kf7 24.Kf2 Be7 25.Rxd8 Bxd8 26.Na4 b5 27.cxb5 cxb5 28.Nc3
Bb6+ 29.Ke2 Rc8 30.Rd1 b4 31.Nd5 Bd4 32.Nxb4 Rc4 33.Nd3 Kf6 34.Rc1 Ra4 35.
a3 Bxb2 36.Nxb2 Rxa3 37.Nd2 Nd4+ 38.Kf1 a5 39.Nbc4 Ra2 40.Rc3 Ra1+ 41.Kf2 
Rd1 1-0

[Event "interzonal (w)"]
[Site "Zheleznovodsk  URS"]
[Date "1985.??.??"]
[Round "5"]
[White "Ferrer Lucas, Pepita"]
[Black "Litinskaya, Marta"]
[Result "0-1"]
[WhiteElo "2050"]
[BlackElo "2210"]
[EventDate "1985.06.19"]
[PlyCount "80"]

1.e4 c5 2.Nf3 e6 3.d4 cxd4 4.Nxd4 Nf6 5.Nc3 d6 6.Bd3 a6 7.a4 b6 8.O-O Bb7 
9.Be3 Nbd7 10.Kh1 Nc5 11.f3 Qc7 12.Nb3 Be7 13.Qe1 O-O 14.Qg3 Nxd3 15.cxd3 
Rfc8 16.Rac1 Qd8 17.Qf2 Nd7 18.d4 Bh4 19.Qe2 Bf6 20.f4 Qe8 21.Rf3 Nf8 22.
Rg3 Rxc3 23.Rxc3 Bxe4 24.Nd2 Bf5 25.Nc4 Qd8 26.h3 b5 27.Nd2 e5 28.fxe5 
dxe5 29.Rc5 Ne6 30.dxe5 Bh4 31.Rf3 Bd3 32.Qd1 Nxc5 33.Bxc5 Bg6 34.Qe2 Bh5 
35.g4 Bg6 36.e6 Qd5 37.exf7+ Bxf7 38.Bb4 Re8 39.Qg2 bxa4 40.Kg1 Qb7 0-1

[Event "interzonal (w)"]
[Site "Zheleznovodsk  URS"]
[Date "1985.??.??"]
[Round "5"]
[White "Liu Shilan"]
[Black "Muresan, Margareta"]
[Result "0-1"]
[WhiteElo "2160"]
[BlackElo "2185"]
[EventDate "1985.06.19"]
[PlyCount "90"]

1.e4 c6 2.d4 d5 3.Nd2 dxe4 4.Nxe4 Bf5 5.Ng3 Bg6 6.h4 h6 7.Nf3 Nd7 8.h5 Bh7
9.Bd3 Bxd3 10.Qxd3 e6 11.Bf4 Qa5+ 12.Bd2 Qb6 13.O-O-O Ngf6 14.Ne5 Rd8 15.
Qe2 Be7 16.f4 O-O 17.Ng6 Rfe8 18.Nxe7+ Rxe7 19.Nf5 Ree8 20.Nd6 Rf8 21.f5 
exf5 22.Nxf5 Rfe8 23.Qf3 Re4 24.Rh3 Kh8 25.Rg3 Rg8 26.Nd6 Re7 27.Re1 Rxe1+
28.Bxe1 Rf8 29.Nf5 Rg8 30.Bd2 Qa6 31.a3 Qc4 32.b3 Qe6 33.Rh3 Ne4 34.g4 
Ndf6 35.Bf4 Nxg4 36.Qxg4 Nf2 37.Qh4 Qxf5 38.Rf3 Ne4 39.Re3 Re8 40.Kb2 Qd5 
41.c3 Re6 42.Re1 c5 43.Be3 cxd4 44.Bxd4 Nc5 45.c4 Qg2+ 0-1

[Event "interzonal (w)"]
[Site "Zheleznovodsk  URS"]
[Date "1985.??.??"]
[Round "5"]
[White "Gurieli, Nino"]
[Black "Zaitseva, Ludmila"]
[Result "1/2-1/2"]
[WhiteElo "2275"]
[BlackElo "2165"]
[EventDate "1985.06.19"]
[PlyCount "94"]

1.e4 e6 2.d4 d5 3.Nc3 Nf6 4.e5 Nfd7 5.f4 c5 6.Nf3 Nc6 7.Be3 a6 8.a3 cxd4 
9.Nxd4 Bc5 10.b4 Bxd4 11.Bxd4 O-O 12.g3 f6 13.exf6 Nxf6 14.Be2 Nxd4 15.
Qxd4 Bd7 16.O-O-O Rc8 17.Kb2 Rc7 18.Rhe1 Qe7 19.Bd3 Qf7 20.Qb6 Rfc8 21.Ne2
Ng4 22.h3 Nf6 23.Qe3 Ne8 24.Qe5 a5 25.bxa5 Rc5 26.Nd4 Nc7 27.Nb3 Rc6 28.
Rd2 Ra8 29.Nd4 Rc5 30.Nb3 Rc6 31.g4 Qf8 32.Qd4 b6 33.Qb4 bxa5 34.Qxf8+ 
Rxf8 35.Rf2 Rb8 36.Ka2 a4 37.Nd4 Rcb6 38.c3 Bc8 39.f5 exf5 40.Re7 Ba6 41.
Bxa6 Nxa6 42.Nxf5 Nc5 43.Rxg7+ Kh8 44.Rc2 Nd3 45.Ra7 Ne1 46.Rd2 Nd3 47.Rc2
Ne1 1/2-1/2

[Event "interzonal (w)"]
[Site "Zheleznovodsk  URS"]
[Date "1985.??.??"]
[Round "5"]
[White "Brustman, Agnieszka"]
[Black "Hoiberg, Nina"]
[Result "1-0"]
[WhiteElo "2175"]
[BlackElo "2145"]
[EventDate "1985.06.19"]
[PlyCount "69"]

1.e4 e5 2.Nf3 Nc6 3.Bb5 a6 4.Ba4 b5 5.Bb3 Bb7 6.O-O g6 7.c3 Bg7 8.d4 d6 9.
a4 Nge7 10.dxe5 dxe5 11.Bxf7+ Kxf7 12.Ng5+ Kf6 13.Qf3+ Nf5 14.exf5 gxf5 
15.Ne4+ Kg6 16.Ng3 f4 17.Qh5+ Kf6 18.Ne4+ Ke7 19.Nc5 Qc8 20.Re1 Kf8 21.g3 
Ne7 22.Bxf4 Ng6 23.Nxb7 Qxb7 24.Qf5+ Kg8 25.Qe6+ Kf8 26.Be3 Re8 27.Bc5+ 
Ne7 28.Nd2 h5 29.Ne4 Rh6 30.Qb3 Qc6 31.Ng5 Qf6 32.h4 Rg6 33.Re3 Qc6 34.
Rf3+ Bf6 35.Bxe7+ 1-0

[Event "interzonal (w)"]
[Site "Zheleznovodsk  URS"]
[Date "1985.??.??"]
[Round "6"]
[White "Arbunic Castro, Giovanna"]
[Black "Zaitseva, Ludmila"]
[Result "1-0"]
[WhiteElo "2060"]
[BlackElo "2165"]
[EventDate "1985.06.19"]
[PlyCount "77"]

1.e4 e6 2.d4 d5 3.Nc3 Nf6 4.e5 Nfd7 5.f4 c5 6.Nf3 Nc6 7.Ne2 Qb6 8.c3 cxd4 
9.Nexd4 a5 10.Bd3 Nc5 11.Bc2 Be7 12.O-O f5 13.exf6 Bxf6 14.Ne5 O-O 15.Qh5 
Ne4 16.Be3 Qc7 17.Nb5 Qe7 18.Bxe4 dxe4 19.Nxc6 bxc6 20.Bc5 Qf7 21.Qxf7+ 
Rxf7 22.Nd6 Rd7 23.Rfe1 Be7 24.Nxe4 Bxc5+ 25.Nxc5 Rd2 26.Rad1 Rxb2 27.f5 
exf5 28.Rd8+ Kf7 29.Ree8 Rab8 30.Rxc8 R8b5 31.Nd3 Rxa2 32.h4 f4 33.Re4 g5 
34.hxg5 Rxg5 35.Nxf4 Rc5 36.Re6 Ra1+ 37.Kh2 Rd1 38.Rc7+ Kf8 39.Ree7 1-0

[Event "interzonal (w)"]
[Site "Zheleznovodsk  URS"]
[Date "1985.??.??"]
[Round "6"]
[White "Hoiberg, Nina"]
[Black "Matveeva, Svetlana"]
[Result "0-1"]
[WhiteElo "2145"]
[BlackElo "2125"]
[EventDate "1985.06.19"]
[PlyCount "54"]

1.e4 g6 2.d4 Bg7 3.Nc3 c6 4.Be2 d5 5.Be3 dxe4 6.Nxe4 Nd7 7.Qd2 Ngf6 8.Ng3 
Nb6 9.h4 Ng4 10.Bxg4 Bxg4 11.Qd3 e5 12.f3 Be6 13.O-O-O Nc4 14.Bg5 Qa5 15.
dxe5 O-O 16.c3 Nxe5 17.Qc2 Qxa2 18.Qb1 Qa5 19.N1e2 Bb3 20.Rd4 c5 21.Rd2 h6
22.Bf4 Rad8 23.Rxd8 Rxd8 24.Bxe5 Bxe5 25.f4 Bb8 26.f5 Bxg3 27.Nxg3 Qc7 0-1

[Event "interzonal (w)"]
[Site "Zheleznovodsk  URS"]
[Date "1985.??.??"]
[Round "6"]
[White "Litinskaya, Marta"]
[Black "Gurieli, Nino"]
[Result "1/2-1/2"]
[WhiteElo "2210"]
[BlackElo "2275"]
[EventDate "1985.06.19"]
[PlyCount "83"]

1.d4 Nf6 2.c4 e6 3.Nf3 b6 4.g3 Ba6 5.b3 Bb4+ 6.Bd2 Be7 7.Nc3 O-O 8.e4 d5 
9.cxd5 Bxf1 10.Kxf1 exd5 11.e5 Ne4 12.Qe2 Nxc3 13.Bxc3 Qd7 14.Kg2 Nc6 15.
Rac1 Nd8 16.Bb2 Ne6 17.Rhd1 Rae8 18.Rd3 f5 19.exf6 Bxf6 20.Qd2 h6 21.Ba3 
Rf7 22.Re1 Ng5 23.Nxg5 Bxg5 24.Qd1 Rxe1 25.Qxe1 Rf6 26.Qd1 Rc6 27.Rf3 Rf6 
28.Rd3 Re6 29.Qg4 Qe8 30.h4 Bf6 31.Bc1 Re4 32.Qf5 Qe6 33.Qxe6+ Rxe6 34.a4 
Re4 35.Be3 h5 36.f3 Re7 37.Kf2 Kf7 38.Rd1 c6 39.Rc1 Rc7 40.Ke2 Ke6 41.Kd3 
a6 42.Re1 1/2-1/2

[Event "interzonal (w)"]
[Site "Zheleznovodsk  URS"]
[Date "1985.??.??"]
[Round "7"]
[White "Brustman, Agnieszka"]
[Black "Khadilkar, Rohini"]
[Result "1-0"]
[WhiteElo "2175"]
[BlackElo "2165"]
[EventDate "1985.06.19"]
[PlyCount "61"]

1.e4 c5 2.c3 d5 3.exd5 Qxd5 4.d4 Nf6 5.Nf3 e6 6.Bd3 Be7 7.O-O cxd4 8.cxd4 
Nc6 9.Nc3 Qd6 10.a3 O-O 11.Bg5 g6 12.Bc4 b6 13.Qd3 Bb7 14.Rad1 Rfd8 15.
Rfe1 Rac8 16.Ba2 Nh5 17.Bh6 Bf8 18.Qe3 Bxh6 19.Qxh6 Qf8 20.Qe3 Qg7 21.d5 
exd5 22.Nxd5 Nf6 23.Ng5 Ng4 24.Ne7+ Nxe7 25.Rxd8+ Rxd8 26.Qxe7 Rb8 27.Nxf7
Qxb2 28.Nh6+ Kh8 29.Nxg4 Qxa2 30.Qf6+ Kg8 31.Nh6# 1-0

[Event "interzonal (w)"]
[Site "Zheleznovodsk  URS"]
[Date "1985.??.??"]
[Round "7"]
[White "Liu Shilan"]
[Black "Arbunic Castro, Giovanna"]
[Result "1-0"]
[WhiteElo "2160"]
[BlackElo "2060"]
[EventDate "1985.06.19"]
[PlyCount "49"]

1.e4 e5 2.Bc4 Nf6 3.d3 Bc5 4.Nf3 Nc6 5.O-O O-O 6.Nc3 d6 7.a3 Be6 8.Be3 Qe7
9.Re1 a6 10.Nd5 Qd8 11.Bg5 Bxd5 12.exd5 Nd4 13.Nd2 h6 14.Bxf6 Qxf6 15.Ne4 
Qf4 16.c3 b5 17.Ba2 f5 18.Nxc5 dxc5 19.cxd4 Qxd4 20.Qe2 Rae8 21.Qe3 Qxb2 
22.Qxc5 f4 23.d6+ Kh8 24.dxc7 f3 25.Be6 1-0

[Event "interzonal (w)"]
[Site "Zheleznovodsk  URS"]
[Date "1985.??.??"]
[Round "7"]
[White "Gurieli, Nino"]
[Black "Gaprindashvili, Nona"]
[Result "1-0"]
[WhiteElo "2275"]
[BlackElo "2325"]
[EventDate "1985.06.19"]
[PlyCount "85"]

1.e4 c5 2.Nf3 d6 3.d4 cxd4 4.Nxd4 Nf6 5.Nc3 Nc6 6.Bc4 e6 7.Bb3 a6 8.Be3 
Na5 9.Qe2 Qc7 10.g4 g6 11.g5 Nh5 12.O-O-O Nxb3+ 13.axb3 Be7 14.f4 b5 15.f5
b4 16.Na4 Bd7 17.f6 Bd8 18.Nf3 Bxa4 19.bxa4 Qc6 20.Qd3 Rc8 21.b3 O-O 22.
Nd4 Qb7 23.Ne2 Bb6 24.Rhf1 Rc6 25.Kb1 Rfc8 26.Rd2 h6 27.Bxb6 Rxb6 28.Nd4 
Rc3 29.Qe2 Qc8 30.gxh6 Kh7 31.Rd3 Rb8 32.Nf3 Rxd3 33.Ng5+ Kxh6 34.Nxf7+ 
Kh7 35.Qxd3 Qc5 36.Qd2 Kg8 37.Nxd6 Rf8 38.f7+ Kg7 39.Ne8+ Kh7 40.Nf6+ Nxf6
41.Rxf6 Kg7 42.Rxe6 Rxf7 43.Qe2 1-0

[Event "interzonal (w)"]
[Site "Zheleznovodsk  URS"]
[Date "1985.??.??"]
[Round "7"]
[White "Zaitseva, Ludmila"]
[Black "Litinskaya, Marta"]
[Result "0-1"]
[WhiteElo "2165"]
[BlackElo "2210"]
[EventDate "1985.06.19"]
[PlyCount "47"]

1.e4 e5 2.Nf3 Nc6 3.Nc3 Nf6 4.Bb5 Nd4 5.Nxd4 exd4 6.e5 dxc3 7.exf6 Qxf6 8.
dxc3 c6 9.Bd3 d5 10.O-O Be6 11.Be3 Bd6 12.f4 Qh6 13.h3 O-O 14.Qf3 f5 15.
Rae1 c5 16.Qf2 b6 17.Rd1 Rad8 18.Bb5 Be7 19.Rd2 Bf7 20.Be2 Rd6 21.Bf3 Bh4 
22.Qe2 Re8 23.Rfd1 Rde6 24.Rd3 0-1

[Event "interzonal (w)"]
[Site "Zheleznovodsk  URS"]
[Date "1985.??.??"]
[Round "8"]
[White "Arbunic Castro, Giovanna"]
[Black "Litinskaya, Marta"]
[Result "0-1"]
[WhiteElo "2060"]
[BlackElo "2210"]
[EventDate "1985.06.19"]
[PlyCount "62"]

1.e4 c5 2.Nf3 e6 3.d4 cxd4 4.Nxd4 Nf6 5.Nc3 d6 6.g4 h6 7.h4 Nc6 8.g5 hxg5 
9.Bxg5 a6 10.Bg2 Bd7 11.Qd2 Qc7 12.O-O-O O-O-O 13.f4 Be7 14.Qe2 Nh5 15.
Bxe7 Nxe7 16.Qf2 Kb8 17.Rhe1 e5 18.Nde2 Be6 19.Rd2 exf4 20.Red1 Ng6 21.Bf3
Nf6 22.Rg1 Qc5 23.Nd4 Nxh4 24.Rxg7 Nxf3 25.Qxf3 Nh5 26.Nxe6 fxe6 27.Re7 e5
28.Rd5 Qg1+ 29.Rd1 Qg3 30.Qe2 f3 31.Qc4 Qg5+ 0-1

[Event "interzonal (w)"]
[Site "Zheleznovodsk  URS"]
[Date "1985.??.??"]
[Round "8"]
[White "Hoiberg, Nina"]
[Black "Gurieli, Nino"]
[Result "1-0"]
[WhiteElo "2145"]
[BlackElo "2275"]
[EventDate "1985.06.19"]
[PlyCount "73"]

1.e4 d6 2.d4 g6 3.Nc3 Bg7 4.Be2 Nd7 5.f4 e5 6.Nf3 exd4 7.Nxd4 Ngf6 8.O-O 
O-O 9.f5 c6 10.Kh1 Ne5 11.Bg5 h6 12.Bh4 g5 13.Bg3 Nfg4 14.Qd2 Re8 15.Nf3 
Nxf3 16.gxf3 Ne5 17.f4 gxf4 18.Rxf4 Bf6 19.Rg1 Kh7 20.Rf2 Rg8 21.Rfg2 b5 
22.Rd1 b4 23.Nb1 Bb7 24.Qxb4 Rxg3 25.Rxg3 Rb8 26.Rxd6 Qe7 27.Qd2 c5 28.Nc3
Bg5 29.Qd1 Bf4 30.f6 Qc7 31.Rg7+ Kh8 32.Bh5 Bc6 33.Qf1 Ng6 34.Rxc6 Qxc6 
35.Bxg6 Qxf6 36.Rxf7 Qxg6 37.Qxf4 1-0